| 000 | 00644cam a22002175a 4500 | ||
|---|---|---|---|
| 001 | 4453972 | ||
| 005 | 20180108103109.0 | ||
| 008 | 951025t1996 nju fr 001 0 eng d | ||
| 020 | _a0134549767 | ||
| 040 |
_aDLC _cDLC _dDLC _dEG-ScBUE _beng |
||
| 082 | 0 | 4 |
_a005.133 _222 _bGLA |
| 100 | 1 | _aGlass, Graham. | |
| 245 | 1 | 4 |
_aThe STL <primer> / _cGraham Glass and Brett L. Schuchert. |
| 260 |
_aUpper Saddle River : _bPrentice Hall PTR, _cc.1996. |
||
| 300 |
_axv, 329 p. ; _c24 cm. |
||
| 500 | _aIncludes index. | ||
| 650 | 7 |
_aComputer programming. _2BUEsh _93821 |
|
| 653 |
_bCOMSCI _cJanuary2018 |
||
| 700 | 1 | _aSchuchert, Brett L. | |
| 942 | _2ddc | ||
| 999 |
_c25882 _d25854 |
||